000 00674nam a2200193Ii 4500
003 JO-AjNU
008 230605s9999||||xx |||||||||||||| ||und||
040 _aJO-AjNU
_bara
_erda
_cJO-AjNU
041 _aara
050 1 4 _aQC792 1989
100 3 _aحسن ، سعدي جعفر,
_eauthor
_936059
245 0 0 _aمبادئ الفيزياء النوويه
264 3 1 _aبغداد:دار الشؤون الثقافيه ،1989
300 _a205ص
336 _atext
_btxt
_2rdacontent
337 _aunmediated
_bn
_2rdamedia
338 _avolume
_bnc
_2rdacarrier
650 4 _aالفيزياء النووية-المفاعلات النووية -الاشعة الكونية
_936060
999 _aA14947
_c18515
_d18515